LIBRARY & INFORMATION CENTRE, KCAET, TAVANUR

ONLINE PUBLIC ACCESS CATALOGUE (OPAC)

Essentials of programming languages / (Record no. 9505)

MARC details
000 -LEADER
fixed length control field 00571cam a2200205ua 4500
020 ## - INTERNATIONAL STANDARD BOOK NUMBER
ISBN 81 203 1355 0
041 ## - LANGUAGE CODE
Language code of text/sound track or separate title eng
082 ## - DEWEY DECIMAL CLASSIFICATION NUMBER
Classification number 005.133
Item number FRI/ES
100 ## - MAIN ENTRY--AUTHOR NAME
Personal name Friedman, Daniel P .
245 ## - TITLE STATEMENT
Title Essentials of programming languages /
250 ## - EDITION STATEMENT
Edition statement 1 /
260 ## - PUBLICATION, DISTRIBUTION, ETC. (IMPRINT)
Place of publication New Delhi :
Name of publisher Prentice Hall of India Pvt Ltd. ,
Year of publication 1998.
300 ## - PHYSICAL DESCRIPTION
Number of Pages 536 ; .
700 1# - ADDED ENTRY--PERSONAL NAME
Personal name Haynes, Christopher T .
700 1# - ADDED ENTRY--PERSONAL NAME
Personal name Wand , Mitchel .
942 ## - ADDED ENTRY ELEMENTS (KOHA)
Koha item type Books
Holdings
Withdrawn status Lost status Damaged status Home library Current library Date acquired Full call number Accession Number Koha item type
      KAUAET KAUAET 07/04/2012 005.133 20618 Books
free website counter